Geografia Letra 'A' - Statistics

Estatísticas Gerais
  • Esse quiz foi jogado 641 vezes
    635 desde o último reset
  • A pontuação média é 9 de 20
Estatísticas das Respostas
Hint Resposta % Correto
Pais da América do Sul Argentina
94%
Rio com maior caudal do mundo Amazonas
79%
Capital do Paraguai Assunção
78%
Livro de mapas Atlas
75%
Conjunto de ilhas Arquipélago
73%
Cadeia montanhosa na Américas Andes
65%
Região comprada pelo EUA a Rússia em 1867 Alasca
64%
Quinta língua mais falada do mundo Árabe
51%
Capital EAU Emirados Árabes Unidos Abu Dhabi
46%
Ilhas portuguesas localizadas no oceano Atlântico Açores
43%
País no Pirenêus Andorra
41%
Cidade onde estava situada a maior biblioteca do mundo antigo Alexandria
35%
Mar entre Itália e Croácia Adriático
33%
'Down Under' Austrália
31%
País conhecido por 'Cemitério de Impérios' Afeganistão
29%
Região mais a Sul de Portugal Algarve
28%
Onde supostamente atracou a Arca de Noé Ararat
20%
Região do Canada Alberta
19%
Cidade dos barcos Moliceiros Aveiro
13%
Língua holandesa falada na África do Sul Afrikaans
4%
Nenhum quiz correspondente encontrado
Distribuição das Pontuações
Porcentagem de Pessoas com Cada Pontuação
Percentil de Números Respondidos
Sua Pontuação Histórica
Você não jogou esse quiz desde o último reset